[Event "Budapest Karacsonyi op 8th"]
[Site "Budapest"]
[Date "2016.12.28"]
[Round "3"]
[White "Halak, Miklos"]
[Black "Zentai, Peter"]
[Result "0-1"]
[WhiteElo "2140"]
[BlackElo "2273"]
[PlyCount "64"]
[EventDate "2016.12.27"]
[EventType "swiss"]
[EventRounds "7"]
[EventCountry "HUN"]
[SourceTitle "CBM 176 Extra"]
[Source "ChessBase"]
[SourceDate "2017.03.02"]
[SourceVersion "1"]
[SourceVersionDate "2017.03.02"]
[SourceQuality "1"]

1. e4 e6 2. d4 d5 3. Nc3 Nf6 4. Bg5 dxe4 5. Nxe4 Be7 6. Nxf6+ Bxf6 7. Bxf6 Qxf6 8. Nf3 0-0 9. c3 Rd8 10. Qc2 Nd7 11. Bd3 g6 12. 0-0 e5 13. d5 Nc5 14. c4 c6 15. Rfe1 cxd5 16. cxd5 Nxd3 17. Qxd3 Bf5 18. Qb3 e4 19. Nd2 Qd4 20. g4 Qxd2 21. gxf5 Qg5+ 22. Kf1 Qxf5 23. Rad1 Qe5 24. h3 b6 25. Re2 Rd6 26. Red2 Rf6 27. Re1 Qh2 28. Re3 Rc8 29. Qd1 Rc1 30. Qxc1 Qh1+ 31. Ke2 Qxc1 32. d6 Rxf2+ 0-1

[Event "HUN-chT2 Maroczy 1516"]
[Site "Hungary"]
[Date "2016.03.20"]
[Round "7.4"]
[White "Szollosi, Laszlo Jr"]
[Black "Zentai, Peter"]
[Result "1/2-1/2"]
[WhiteElo "2174"]
[BlackElo "2229"]
[PlyCount "25"]
[EventDate "2015.10.18"]
[EventType "team-tourn"]
[EventRounds "9"]
[EventCountry "HUN"]
[SourceTitle "EXT 2017"]
[Source "ChessBase"]
[SourceDate "2016.10.25"]
[SourceVersion "1"]
[SourceVersionDate "2016.10.25"]
[SourceQuality "1"]
[WhiteTeam "Dunaharaszti II"]
[BlackTeam "Magyar Sakkvilag"]
[WhiteTeamCountry "HUN"]
[BlackTeamCountry "HUN"]

1. e4 e6 2. d4 d5 3. exd5 exd5 4. Nf3 Nc6 5. c3 Bd6 6. Bd3 Nge7 7. 0-0 Bg4 8. Re1 Qd7 9. a4 f6 10. Nbd2 0-0 11. h3 Bf5 12. Nf1 Bxd3 13. Qxd3 1/2-1/2

[Event "Balatonalmadi Pannonia Cup 20th"]
[Site "Balatonalmadi"]
[Date "2015.07.30"]
[Round "3"]
[White "Losonczi, Marcell"]
[Black "Zentai, Peter"]
[Result "0-1"]
[WhiteElo "1732"]
[BlackElo "2248"]
[PlyCount "56"]
[EventDate "2015.07.29"]
[EventType "swiss"]
[EventRounds "7"]
[EventCountry "HUN"]
[SourceTitle "EXT 2016"]
[Source "ChessBase"]
[SourceDate "2015.10.08"]
[SourceVersion "1"]
[SourceVersionDate "2015.10.08"]
[SourceQuality "1"]

1. e4 e6 2. d4 d5 3. Nc3 Nf6 4. e5 Nfd7 5. Nce2 c5 6. c3 Nc6 7. f4 Qb6 8. Nf3 f6 9. a3 Be7 10. Ng3 cxd4 11. cxd4 0-0 12. Bd3 fxe5 13. fxe5 Ndxe5 14. dxe5 Nxe5 15. Qe2 Nxd3+ 16. Qxd3 Bd7 17. b4 Bb5 18. Qd4 Qd6 19. Nh5 e5 20. Qg4 g6 21. Bb2 Rf5 22. Ng3 Rf4 23. Qh3 Bf6 24. Rd1 Bd7 25. Qh6 Bg7 26. Qg5 h6 27. Bxe5 Bxe5 28. Nxe5 hxg5 0-1

[Event "HUN-chT2 Maroczy 1415"]
[Site "Hungary"]
[Date "2015.01.25"]
[Round "5"]
[White "Zentai, Peter"]
[Black "Szeberenyi, Adam"]
[Result "1/2-1/2"]
[WhiteElo "2244"]
[BlackElo "2304"]
[PlyCount "88"]
[EventDate "2014.10.12"]
[EventType "team-tourn"]
[EventRounds "9"]
[EventCountry "HUN"]
[SourceTitle "EXT 2016"]
[Source "ChessBase"]
[SourceDate "2015.10.08"]
[SourceVersion "1"]
[SourceVersionDate "2015.10.08"]
[SourceQuality "1"]
[WhiteTeam "Magyar Sakkvilag"]
[BlackTeam "Penzugyor II"]
[WhiteTeamCountry "HUN"]
[BlackTeamCountry "HUN"]

1. d4 Nf6 2. c4 g6 3. Nc3 d5 4. Bf4 Bg7 5. e3 c5 6. dxc5 Qa5 7. Qa4+ Qxa4 8. Nxa4 Bd7 9. Nc3 Ne4 10. Rc1 Nxc3 11. bxc3 dxc4 12. Bxc4 Bc6 13. Nf3 Nd7 14. 0-0 Rc8 15. Nd4 e5 16. Nxc6 Rxc6 17. Bg5 Rxc5 18. Bb3 f6 19. Bh4 Ke7 20. f3 Rhc8 21. Be1 b5 22. Bd2 a5 23. a3 Bh6 24. Kf2 Nb6 25. Ke2 Nd5 26. Bxd5 Rxd5 27. Rc2 Rc4 28. Rb1 Kd6 29. e4 Rxd2+ 30. Rxd2+ Bxd2 31. Kxd2 Kc5 32. Kc2 f5 33. exf5 gxf5 34. Re1 e4 35. fxe4 fxe4 36. Re3 b4 37. axb4+ axb4 38. Kb3 Rxc3+ 39. Rxc3+ bxc3 40. Kxc3 Kd5 41. Kd2 Kd4 42. Ke2 e3 43. g4 Ke4 44. h4 Kf4 1/2-1/2

[Event "HUN-chT2 Charousek 1314"]
[Site "Hungary"]
[Date "2014.04.13"]
[Round "10"]
[White "Zentai, Peter"]
[Black "Akots, Gabor"]
[Result "1/2-1/2"]
[WhiteElo "2258"]
[BlackElo "2255"]
[PlyCount "26"]
[EventDate "2013.09.08"]
[EventType "team-tourn"]
[EventRounds "11"]
[EventCountry "HUN"]
[SourceTitle "EXT 2016"]
[Source "ChessBase"]
[SourceDate "2015.10.08"]
[SourceVersion "1"]
[SourceVersionDate "2015.10.08"]
[SourceQuality "1"]
[WhiteTeam "Taban Spartacus"]
[BlackTeam "Geniusz Tata"]
[WhiteTeamCountry "HUN"]
[BlackTeamCountry "HUN"]

1. d4 d5 2. c4 dxc4 3. e3 Nf6 4. Bxc4 e6 5. Nf3 c5 6. 0-0 a6 7. Bb3 Be7 8. Nc3 b5 9. dxc5 Bxc5 10. Qxd8+ Kxd8 11. Bd2 Bb7 12. Rac1 Nbd7 13. Rfd1 Ke7 1/2-1/2

[Event "HUN-chT2 Charousek 1314"]
[Site "Hungary"]
[Date "2014.03.02"]
[Round "8"]
[White "Zentai, Peter"]
[Black "Amrein, Roland"]
[Result "0-1"]
[WhiteElo "2258"]
[BlackElo "2236"]
[PlyCount "52"]
[EventDate "2013.09.08"]
[EventType "team-tourn"]
[EventRounds "11"]
[EventCountry "HUN"]
[SourceTitle "EXT 2016"]
[Source "ChessBase"]
[SourceDate "2015.10.08"]
[SourceVersion "1"]
[SourceVersionDate "2015.10.08"]
[SourceQuality "1"]
[WhiteTeam "Taban Spartacus"]
[BlackTeam "Komlo Banyasz"]
[WhiteTeamCountry "HUN"]
[BlackTeamCountry "HUN"]

1. d4 Nf6 2. c4 g6 3. Nc3 Bg7 4. e4 d6 5. Nf3 0-0 6. Be2 e5 7. 0-0 c6 8. Be3 exd4 9. Nxd4 Re8 10. f3 d5 11. cxd5 Nxd5 12. Nxd5 cxd5 13. Qb3 Nc6 14. Rad1 Qb6 15. Nb5 d4 16. Bf2 Be6 17. Qa4 Rad8 18. b3 a6 19. Na3 Qb4 20. Bc4 b5 21. Qxb4 Nxb4 22. Bxe6 Rxe6 23. Rd2 d3 24. Nb1 Bh6 25. Rb2 Rc6 26. a3 Rc2 0-1

[Event "HUN-chT2 Charousek 1314"]
[Site "Hungary"]
[Date "2013.11.03"]
[Round "4"]
[White "Zentai, Peter"]
[Black "Papp, Judit"]
[Result "1-0"]
[WhiteElo "2258"]
[BlackElo "2125"]
[PlyCount "87"]
[EventDate "2013.09.08"]
[EventType "team-tourn"]
[EventRounds "11"]
[EventCountry "HUN"]
[SourceTitle "EXT 2016"]
[Source "ChessBase"]
[SourceDate "2015.10.08"]
[SourceVersion "1"]
[SourceVersionDate "2015.10.08"]
[SourceQuality "1"]
[WhiteTeam "Taban Spartacus"]
[BlackTeam "Paks ASE II"]
[WhiteTeamCountry "HUN"]
[BlackTeamCountry "HUN"]

1. d4 Nf6 2. c4 g6 3. Nc3 Bg7 4. e4 d6 5. Nf3 0-0 6. Be2 Nbd7 7. 0-0 c5 8. d5 a6 9. a4 b6 10. h3 Qc7 11. Bf4 Bb7 12. Re1 Rad8 13. Bf1 Nh5 14. Bh2 Rfe8 15. Qc2 e6 16. dxe6 fxe6 17. g4 Nhf6 18. Rad1 Ne5 19. Nxe5 dxe5 20. Bg3 Rd4 21. f3 Rf8 22. Ne2 Rd7 23. Qc3 Rxd1 24. Rxd1 Nd7 25. Qd3 Nb8 26. Kg2 Qf7 27. a5 bxa5 28. Bf2 Nd7 29. Ng1 Bc8 30. Be3 Re8 31. Qa3 h5 32. Qxa5 h4 33. Rd3 Bf8 34. Qc7 a5 35. Be2 a4 36. Bd1 Nf6 37. Qxe5 Bg7 38. Qxc5 Nd7 39. Qc7 Be5 40. Qa7 Bf4 41. Bxa4 Bxe3 42. Qxe3 Rf8 43. Bxd7 Bxd7 44. Qa7 1-0

[Event "Balatonalmadi Pannonia Cup 18th"]
[Site "Balatonalmadi"]
[Date "2013.07.24"]
[Round "1"]
[White "Belardinelli, Franco"]
[Black "Zentai, Peter"]
[Result "0-1"]
[WhiteElo "1906"]
[BlackElo "2234"]
[PlyCount "130"]
[EventDate "2013.07.24"]
[EventType "swiss"]
[EventRounds "7"]
[EventCountry "HUN"]
[SourceTitle "EXT 2016"]
[Source "ChessBase"]
[SourceDate "2015.10.08"]
[SourceVersion "1"]
[SourceVersionDate "2015.10.08"]
[SourceQuality "1"]

1. e4 d5 2. exd5 Qxd5 3. Nc3 Qd6 4. Nf3 Nf6 5. d4 g6 6. g3 Bg7 7. Bf4 Qd8 8. Bg2 0-0 9. 0-0 c6 10. Re1 Nbd7 11. Qe2 Re8 12. Rad1 Nb6 13. Ne5 Be6 14. b3 Nbd5 15. Nxd5 cxd5 16. c4 Rc8 17. c5 Nd7 18. Nf3 Nf6 19. Be5 Bg4 20. h3 Bxf3 21. Bxf3 e6 22. b4 a6 23. a4 Nd7 24. Bxg7 Kxg7 25. Rd3 Qf6 26. Qb2 a5 27. Rde3 Red8 28. Bg2 axb4 29. Qxb4 Rc7 30. h4 Nb8 31. Qd2 Nc6 32. Rd3 Ra8 33. Ra1 Kg8 34. a5 h5 35. Ra4 Rcc8 36. Rb3 Ra7 37. Bf1 Rca8 38. a6 bxa6 39. Rb6 Ne7 40. c6 Rc7 41. Qc3 a5 42. Ba6 Kg7 43. Rxa5 Raa7 44. Rab5 Ra8 45. Rb4 Raa7 46. Bd3 Ra2 47. Bc2 Kh6 48. f4 Kg7 49. Kf2 Qf5 50. Rb2 Rxb2 51. Qxb2 Qh3 52. Qc3 Qh2+ 53. Kf3 Qh1+ 54. Kf2 Qc1 55. Rb1 Rxc6 56. Qxc6 Qxb1 57. Bxb1 Nxc6 58. Ke3 Kf6 59. Bd3 Ne7 60. Kf3 Nf5 61. g4 Nxd4+ 62. Ke3 Nc6 63. g5+ Ke7 64. Bb5 Kd6 65. Ba4 Ne7 0-1

[Event "HUN-chT2 Maroczy 1213"]
[Site "Hungary"]
[Date "2013.04.21"]
[Round "11"]
[White "Zentai, Peter"]
[Black "Martini, Balazs"]
[Result "1/2-1/2"]
[WhiteElo "2269"]
[BlackElo "2307"]
[PlyCount "37"]
[EventDate "2012.09.16"]
[EventType "team-tourn"]
[EventRounds "11"]
[EventCountry "HUN"]
[SourceTitle "EXT 2014"]
[Source "ChessBase"]
[SourceDate "2013.11.20"]
[SourceVersion "1"]
[SourceVersionDate "2013.11.20"]
[SourceQuality "1"]
[WhiteTeam "Taban Spartacus"]
[BlackTeam "Hobagoly"]
[WhiteTeamCountry "HUN"]
[BlackTeamCountry "HUN"]

1. d4 d5 2. c4 e6 3. Nf3 c6 4. e3 f5 5. Bd3 Bd6 6. 0-0 Nf6 7. b3 Qe7 8. Bb2 0-0 9. Qc1 Ne4 10. Ba3 Bd7 11. Bxd6 Qxd6 12. Qa3 Qxa3 13. Nxa3 Be8 14. Ne5 Nd7 15. Nxd7 Bxd7 16. f3 Nd6 17. c5 Nf7 18. Nc2 e5 19. f4 1/2-1/2

[Event "HUN-chT2 Maroczy 1213"]
[Site "Hungary"]
[Date "2013.03.24"]
[Round "9"]
[White "Zentai, Peter"]
[Black "Szajbely, Zsigmond"]
[Result "0-1"]
[WhiteElo "2269"]
[BlackElo "2261"]
[PlyCount "76"]
[EventDate "2012.09.16"]
[EventType "team-tourn"]
[EventRounds "11"]
[EventCountry "HUN"]
[SourceTitle "EXT 2014"]
[Source "ChessBase"]
[SourceDate "2013.11.20"]
[SourceVersion "1"]
[SourceVersionDate "2013.11.20"]
[SourceQuality "1"]
[WhiteTeam "Taban Spartacus"]
[BlackTeam "Maroczy"]
[WhiteTeamCountry "HUN"]
[BlackTeamCountry "HUN"]

1. d4 Nf6 2. c4 c5 3. d5 b5 4. Qc2 d6 5. e4 b4 6. Nf3 g6 7. Bd3 Bg7 8. 0-0 0-0 9. Bf4 a5 10. Nbd2 Nh5 11. Be3 Nd7 12. Rfe1 Qb6 13. h3 a4 14. Rab1 Bb7 15. Qc1 e5 16. Nf1 b3 17. a3 Bh8 18. g4 Nf4 19. Bxf4 exf4 20. Qxf4 Ba6 21. Kg2 Rae8 22. Ng3 Qa5 23. h4 Ne5 24. Nxe5 Bxe5 25. Qc1 Bc8 26. f4 Bg7 27. f5 gxf5 28. gxf5 Kh8 29. Kf3 Rg8 30. Nh5 Bd4 31. Qh6 Qd8 32. Ng3 Qe7 33. Rh1 Qe5 34. Rh3 Bxb2 35. Nh5 Bd4 36. Qf4 Bxf5 37. Qxf5 Qxf5+ 38. exf5 Re3+ 0-1

[Event "HUN-chT2 Maroczy 1213"]
[Site "Hungary"]
[Date "2013.03.03"]
[Round "8"]
[White "Hujbert, Florian"]
[Black "Zentai, Peter"]
[Result "1-0"]
[WhiteElo "2419"]
[BlackElo "2269"]
[PlyCount "71"]
[EventDate "2012.09.16"]
[EventType "team-tourn"]
[EventRounds "11"]
[EventCountry "HUN"]
[SourceTitle "EXT 2014"]
[Source "ChessBase"]
[SourceDate "2013.11.20"]
[SourceVersion "1"]
[SourceVersionDate "2013.11.20"]
[SourceQuality "1"]
[WhiteTeam "Vasas"]
[BlackTeam "Taban Spartacus"]
[WhiteTeamCountry "HUN"]
[BlackTeamCountry "HUN"]

1. d4 d5 2. c4 c6 3. Nf3 Nf6 4. Nc3 dxc4 5. a4 Bf5 6. Nh4 e6 7. Nxf5 exf5 8. e3 Bd6 9. Bxc4 0-0 10. Qf3 g6 11. h3 h5 12. 0-0 Qe7 13. Re1 Nbd7 14. e4 fxe4 15. Nxe4 Nxe4 16. Rxe4 Qf6 17. Qe2 Nb6 18. Bb3 Nd5 19. Bh6 Rfd8 20. Rd1 Qf5 21. Rd3 Nf6 22. Bxf7+ Kh7 23. Re6 Kxh6 24. g3 Rd7 25. Rf3 Qb1+ 26. Kg2 Rxf7 27. Rfxf6 Rxf6 28. Rxf6 Bf8 29. Rf7 Bg7 30. Qe7 Rg8 31. g4 Qd3 32. f4 Qxd4 33. f5 Qxb2+ 34. Kf3 Qc3+ 35. Kg2 Qe5 36. g5+ 1-0

[Event "HUN-chT2 Maroczy 1213"]
[Site "Hungary"]
[Date "2013.02.17"]
[Round "7"]
[White "Zentai, Peter"]
[Black "Ardelean, George Catalin"]
[Result "0-1"]
[WhiteElo "2269"]
[BlackElo "2503"]
[PlyCount "52"]
[EventDate "2012.09.16"]
[EventType "team-tourn"]
[EventRounds "11"]
[EventCountry "HUN"]
[SourceTitle "EXT 2014"]
[Source "ChessBase"]
[SourceDate "2013.11.20"]
[SourceVersion "1"]
[SourceVersionDate "2013.11.20"]
[SourceQuality "1"]
[WhiteTeam "Taban Spartacus"]
[BlackTeam "Karcag"]
[WhiteTeamCountry "HUN"]
[BlackTeamCountry "HUN"]

1. d4 Nf6 2. c4 c5 3. d5 e6 4. Nc3 exd5 5. cxd5 d6 6. Nf3 g6 7. Nd2 Bg7 8. e4 0-0 9. Be2 Re8 10. 0-0 Nbd7 11. a4 Ne5 12. Qc2 Bg4 13. Bb5 Bd7 14. Re1 Nh5 15. Nf1 f5 16. Ng3 Nxg3 17. hxg3 c4 18. Bf4 Nd3 19. Re2 Bxb5 20. Nxb5 a6 21. Nc3 g5 22. Bd2 f4 23. gxf4 gxf4 24. e5 Bxe5 25. b3 Qh4 26. bxc4 f3 0-1

[Event "HUN-chT2 Maroczy 1213"]
[Site "Hungary"]
[Date "2012.12.02"]
[Round "5"]
[White "Zentai, Peter"]
[Black "Borsos, Bogdan"]
[Result "1/2-1/2"]
[WhiteElo "2269"]
[BlackElo "2269"]
[PlyCount "46"]
[EventDate "2012.09.16"]
[EventType "team-tourn"]
[EventRounds "11"]
[EventCountry "HUN"]
[SourceTitle "EXT 2014"]
[Source "ChessBase"]
[SourceDate "2013.11.20"]
[SourceVersion "1"]
[SourceVersionDate "2013.11.20"]
[SourceQuality "1"]
[WhiteTeam "Taban Spartacus"]
[BlackTeam "Hajduszoboszlo"]
[WhiteTeamCountry "HUN"]
[BlackTeamCountry "HUN"]

1. d4 d6 2. c4 e5 3. Nf3 e4 4. Ng5 f5 5. Nc3 Be7 6. Nh3 Nf6 7. g3 c5 8. d5 0-0 9. Bg2 Nbd7 10. 0-0 Ne5 11. b3 a6 12. a4 Bd7 13. f3 exf3 14. exf3 Rb8 15. f4 Nf7 16. Qd3 Ng4 17. Bd2 Bf6 18. Bf3 b5 19. axb5 axb5 20. Ra7 b4 21. Nd1 Ra8 22. Rxa8 Qxa8 23. Nhf2 Nxf2 1/2-1/2

[Event "HUN-chT2 Maroczy 1213"]
[Site "Hungary"]
[Date "2012.09.16"]
[Round "1"]
[White "Zentai, Peter"]
[Black "Kallai, Gabor"]
[Result "1/2-1/2"]
[WhiteElo "2269"]
[BlackElo "2481"]
[PlyCount "40"]
[EventDate "2012.09.16"]
[EventType "team-tourn"]
[EventRounds "11"]
[EventCountry "HUN"]
[SourceTitle "EXT 2014"]
[Source "ChessBase"]
[SourceDate "2013.11.20"]
[SourceVersion "1"]
[SourceVersionDate "2013.11.20"]
[SourceQuality "1"]
[WhiteTeam "Taban Spartacus"]
[BlackTeam "Roeszke"]
[WhiteTeamCountry "HUN"]
[BlackTeamCountry "HUN"]

1. d4 d5 2. c4 e6 3. Nf3 Nf6 4. Nc3 Be7 5. Bg5 0-0 6. e3 h6 7. Bh4 Ne4 8. Bxe7 Qxe7 9. Rc1 c6 10. Bd3 Nxc3 11. Rxc3 dxc4 12. Bxc4 Nd7 13. 0-0 b6 14. Qc2 Bb7 15. Bd3 Nf6 16. a3 Nd5 17. Rc4 Rac8 18. Qe2 c5 19. Rfc1 cxd4 20. Nxd4 Rxc4 1/2-1/2

[Event "Balatonalmadi Pannonia Cup 17th"]
[Site "Balatonalmadi"]
[Date "2012.07.29"]
[Round "7"]
[White "Kende, Gyorgy"]
[Black "Zentai, Peter"]
[Result "0-1"]
[WhiteElo "2166"]
[BlackElo "2273"]
[PlyCount "62"]
[EventDate "2012.07.25"]
[EventType "swiss"]
[EventRounds "7"]
[EventCountry "HUN"]
[SourceTitle "EXT 2016"]
[Source "ChessBase"]
[SourceDate "2015.10.08"]
[SourceVersion "1"]
[SourceVersionDate "2015.10.08"]
[SourceQuality "1"]

1. e4 e6 2. d3 d5 3. Nd2 c5 4. Ngf3 Nc6 5. g3 Bd6 6. Bg2 Nge7 7. 0-0 0-0 8. Re1 Qc7 9. c3 b6 10. Qe2 f6 11. h4 Bd7 12. h5 Rae8 13. Nf1 Kh8 14. Bd2 e5 15. Nh4 d4 16. Nh2 g5 17. hxg6 Nxg6 18. Nf5 Be6 19. Qh5 Rf7 20. Ng4 Bf8 21. Bf3 Qd7 22. Kg2 Nce7 23. Rh1 Nxf5 24. Qxg6 Nh6 25. Nxf6 Qe7 26. Rxh6 Bxh6 27. Qxh6 Qxf6 28. Qxf6+ Rxf6 29. Bg5 Bh3+ 30. Kxh3 Rxf3 31. Kg2 Rxd3 0-1

[Event "Balatonalmadi Pannonia Cup 17th"]
[Site "Balatonalmadi"]
[Date "2012.07.28"]
[Round "6"]
[White "Zentai, Peter"]
[Black "Varadi, Benedek"]
[Result "1/2-1/2"]
[WhiteElo "2273"]
[BlackElo "2068"]
[PlyCount "27"]
[EventDate "2012.07.25"]
[EventType "swiss"]
[EventRounds "7"]
[EventCountry "HUN"]
[SourceTitle "EXT 2016"]
[Source "ChessBase"]
[SourceDate "2015.10.08"]
[SourceVersion "1"]
[SourceVersionDate "2015.10.08"]
[SourceQuality "1"]

1. d4 Nf6 2. c4 e6 3. g3 Bb4+ 4. Bd2 Qe7 5. Nf3 b6 6. Bg2 Bb7 7. 0-0 Bxd2 8. Qxd2 d6 9. Qc2 c5 10. dxc5 dxc5 11. Nc3 Nc6 12. Rad1 0-0 13. e3 Rad8 14. a3 1/2-1/2

[Event "Balatonalmadi Pannonia Cup 17th"]
[Site "Balatonalmadi"]
[Date "2012.07.26"]
[Round "3"]
[White "Csire, Bence"]
[Black "Zentai, Peter"]
[Result "1/2-1/2"]
[WhiteElo "2063"]
[BlackElo "2273"]
[PlyCount "34"]
[EventDate "2012.07.25"]
[EventType "swiss"]
[EventRounds "7"]
[EventCountry "HUN"]
[SourceTitle "EXT 2016"]
[Source "ChessBase"]
[SourceDate "2015.10.08"]
[SourceVersion "1"]
[SourceVersionDate "2015.10.08"]
[SourceQuality "1"]

1. e4 e6 2. d4 d5 3. Nd2 a6 4. Bd3 Nf6 5. e5 Nfd7 6. Ne2 c5 7. c3 Nc6 8. 0-0 Qb6 9. Nf3 Be7 10. Bc2 0-0 11. Ng5 Bxg5 12. Bxg5 f6 13. exf6 Nxf6 14. Qd3 Ne4 15. dxc5 Qxc5 16. Be3 Qe7 17. c4 Nf6 1/2-1/2

[Event "HUN-chT2 Maroczy 1112"]
[Site "Hungary"]
[Date "2012.05.20"]
[Round "11"]
[White "Zentai, Peter"]
[Black "Zambo, Zoltan"]
[Result "1/2-1/2"]
[WhiteElo "2310"]
[BlackElo "2389"]
[PlyCount "27"]
[EventDate "2011.09.25"]
[EventType "team-tourn"]
[EventRounds "11"]
[EventCountry "HUN"]
[SourceTitle "EXT 2013"]
[Source "ChessBase"]
[SourceDate "2012.11.22"]
[SourceVersion "1"]
[SourceVersionDate "2012.11.22"]
[SourceQuality "1"]
[WhiteTeam "Taban Spartacus"]
[BlackTeam "Kazincbarcika"]
[WhiteTeamCountry "HUN"]
[BlackTeamCountry "HUN"]

1. d4 g6 2. Nf3 Bg7 3. c4 f5 4. g3 Nh6 5. Bg2 Nf7 6. 0-0 d6 7. Nc3 0-0 8. Qc2 c6 9. Re1 e5 10. dxe5 dxe5 11. e4 Na6 12. Be3 Qf6 13. Rad1 Be6 14. b3 1/2-1/2

[Event "HUN-chT2 Maroczy 1112"]
[Site "Hungary"]
[Date "2011.11.12"]
[Round "4"]
[White "Zentai, Peter"]
[Black "Horvath, Zsolt"]
[Result "1/2-1/2"]
[WhiteElo "2310"]
[BlackElo "2416"]
[PlyCount "44"]
[EventDate "2011.09.25"]
[EventType "team-tourn"]
[EventRounds "11"]
[EventCountry "HUN"]
[SourceTitle "EXT 2013"]
[Source "ChessBase"]
[SourceDate "2012.11.22"]
[SourceVersion "1"]
[SourceVersionDate "2012.11.22"]
[SourceQuality "1"]
[WhiteTeam "Taban Spartacus"]
[BlackTeam "Oroshaza"]
[WhiteTeamCountry "HUN"]
[BlackTeamCountry "HUN"]

1. d4 Nf6 2. c4 d6 3. Nc3 Bf5 4. Nf3 g6 5. Ng5 Bd7 6. e4 e5 7. dxe5 dxe5 8. Be2 Bg7 9. 0-0 h6 10. Nf3 Nc6 11. Be3 0-0 12. h3 Re8 13. Qc2 Qe7 14. Nd5 Nxd5 15. cxd5 Nd4 16. Bxd4 exd4 17. Qxc7 Rec8 18. Qxb7 Rab8 19. Qxa7 Ra8 20. Qb7 Rab8 21. Qa7 Ra8 22. Qb7 Rab8 1/2-1/2

[Event "HUN-chT2 Maroczy 1112"]
[Site "Hungary"]
[Date "2011.10.30"]
[Round "2"]
[White "Zentai, Peter"]
[Black "Csizmadia, Laszlo"]
[Result "1/2-1/2"]
[WhiteElo "2310"]
[BlackElo "2369"]
[PlyCount "66"]
[EventDate "2011.09.25"]
[EventType "team-tourn"]
[EventRounds "11"]
[EventCountry "HUN"]
[SourceTitle "EXT 2013"]
[Source "ChessBase"]
[SourceDate "2012.11.22"]
[SourceVersion "1"]
[SourceVersionDate "2012.11.22"]
[SourceQuality "1"]
[WhiteTeam "Taban Spartacus"]
[BlackTeam "Maroczy"]
[WhiteTeamCountry "HUN"]
[BlackTeamCountry "HUN"]

1. d4 d5 2. c4 e6 3. Nf3 c6 4. e3 Nd7 5. b3 f5 6. Bd3 Ndf6 7. 0-0 Bd6 8. Ba3 Nh6 9. Qc1 Nf7 10. Bxd6 Qxd6 11. Qa3 0-0 12. Qxd6 Nxd6 13. Nc3 b6 14. Ne5 Bb7 15. Rfc1 Rac8 16. Ne2 Rfe8 17. c5 Nf7 18. Nxf7 Kxf7 19. b4 b5 20. a4 a6 21. f3 g6 22. Kf2 Re7 23. Rc2 Rce8 24. Nc1 Bc8 25. Nb3 Rc7 26. Rca2 Ree7 27. axb5 axb5 28. Ra8 Kg7 29. Na5 Kf7 30. h4 Nd7 31. Nb3 Nf6 32. Rb8 Nd7 33. Rba8 Nf6 1/2-1/2

[Event "Balatonalmadi Pannonia Cup 16th"]
[Site "Balatonalmadi"]
[Date "2011.07.28"]
[Round "3"]
[White "Zentai, Peter"]
[Black "Kral, Klaudia"]
[Result "1-0"]
[WhiteElo "2311"]
[BlackElo "1888"]
[PlyCount "61"]
[EventDate "2011.07.27"]
[EventType "swiss"]
[EventRounds "7"]
[EventCountry "HUN"]
[SourceTitle "EXT 2016"]
[Source "ChessBase"]
[SourceDate "2015.10.08"]
[SourceVersion "1"]
[SourceVersionDate "2015.10.08"]
[SourceQuality "1"]

1. d4 Nf6 2. c4 g6 3. Nc3 d5 4. Bf4 Bg7 5. e3 dxc4 6. Bxc4 0-0 7. Nf3 c5 8. dxc5 Qa5 9. Rc1 Ne4 10. Be5 Nxc5 11. 0-0 Nc6 12. Bxg7 Kxg7 13. a3 Nd7 14. Nd5 e6 15. b4 Qd8 16. Nc3 Nde5 17. Be2 Qe7 18. Nd2 Rd8 19. Qc2 f6 20. f4 Nf7 21. Nb3 e5 22. Bf3 exf4 23. exf4 Bf5 24. Qf2 Nd6 25. b5 Nb8 26. Rfe1 Qf7 27. Bd5 Qd7 28. Nc5 Qc7 29. Be6 Nd7 30. Nd5 Qa5 31. Bxd7 1-0

[Event "Balatonalmadi Pannonia Cup 16th"]
[Site "Balatonalmadi"]
[Date "2011.07.27"]
[Round "1"]
[White "Zentai, Peter"]
[Black "Pammer Zagroczky, Gabor"]
[Result "1-0"]
[WhiteElo "2311"]
[BlackElo "1937"]
[PlyCount "75"]
[EventDate "2011.07.27"]
[EventType "swiss"]
[EventRounds "7"]
[EventCountry "HUN"]
[SourceTitle "EXT 2016"]
[Source "ChessBase"]
[SourceDate "2015.10.08"]
[SourceVersion "1"]
[SourceVersionDate "2015.10.08"]
[SourceQuality "1"]

1. d4 Nf6 2. c4 g6 3. Nc3 Bg7 4. e4 0-0 5. Nf3 d6 6. Be2 e5 7. 0-0 Nc6 8. d5 Ne7 9. b4 a5 10. Ba3 Nd7 11. bxa5 Rxa5 12. Bb4 Ra8 13. a4 h6 14. Nd2 f5 15. a5 Kh7 16. Nb3 Nf6 17. f3 Nh5 18. g3 fxe4 19. fxe4 Rxf1+ 20. Bxf1 c5 21. dxc6 Nxc6 22. Bxd6 Nd4 23. Nb5 Qg5 24. N3xd4 exd4 25. Qd3 b6 26. h4 Qg4 27. Be2 Qd7 28. e5 Bb7 29. Bxh5 Qc6 30. Bxg6+ Kh8 31. Be4 Qxe4 32. Qxe4 Bxe4 33. a6 d3 34. Kf2 h5 35. a7 Rc8 36. Nc7 d2 37. Ke2 Bh6 38. a8Q 1-0

[Event "HUN-chT 1011"]
[Site "Hungary"]
[Date "2011.05.15"]
[Round "11"]
[White "Zentai, Peter"]
[Black "Karolyi, Tibor Jr"]
[Result "1/2-1/2"]
[WhiteElo "2311"]
[BlackElo "2337"]
[PlyCount "56"]
[EventDate "2010.10.10"]
[EventType "team-tourn"]
[EventRounds "11"]
[EventCountry "HUN"]
[SourceTitle "EXT 2012"]
[Source "ChessBase"]
[SourceDate "2011.11.24"]
[SourceVersion "1"]
[SourceVersionDate "2011.11.24"]
[SourceQuality "1"]
[WhiteTeam "Taban Spartacus"]
[BlackTeam "MLTC"]
[WhiteTeamCountry "HUN"]
[BlackTeamCountry "HUN"]

1. d4 e6 2. c4 Bb4+ 3. Bd2 Bxd2+ 4. Qxd2 Nf6 5. g3 0-0 6. Bg2 d5 7. Nf3 b6 8. 0-0 Bb7 9. Ne5 Qe7 10. Nc3 Rd8 11. Rfd1 Na6 12. Qc2 c5 13. cxd5 Nxd5 14. Nxd5 exd5 15. e3 Rac8 16. Qd2 cxd4 17. exd4 Qd6 18. Rac1 f6 19. Nd3 Nc7 20. Bh3 Ne6 21. Rxc8 Bxc8 22. Bxe6+ Bxe6 23. Rc1 Bf5 24. Nf4 Re8 25. Re1 Rc8 26. Rc1 Re8 27. Re1 Rc8 28. Rc1 Re8 1/2-1/2